| 000 | 00980nam a2200253 i 4500 | ||
|---|---|---|---|
| 001 | 184228 | ||
| 003 | ES-MaACL | ||
| 005 | 20230906222122.0 | ||
| 008 | 150522s1973 sp ao e |||| | spa d | ||
| 020 | _a84-7017-381-2 | ||
| 080 | _a7.032(32):069(620 C.) | ||
| 100 | 1 |
_aDonadoni, Sergio ( _d1914-) _9156885 |
|
| 245 | 1 | 0 |
_aMuseo Egipcio _b: El Cairo / _c[presentación de Mohammad Hassan Abdul Rahman ; textos de Sergio Donadoni ; traducción del prólogo, M.A. Anglada ; traducción de los textos, Manuel Costa-Pau]. |
| 260 |
_aBarcelona : _bArgos, _c[1973] |
||
| 300 |
_a172 p. : _bil. col., fot. ; _c29 cm. |
||
| 490 | 1 |
_aEnciclopedia de los museos ; _v8 |
|
| 500 | _aÍndices. | ||
| 504 | _aBibliografía: p. 168. | ||
| 610 | 2 | 7 |
_aMathaf al-Misrî. _9156886 |
| 830 | 0 |
_aEnciclopedia de los museos ; _v8 _9192084 |
|
| 852 |
_aES-MaACL _jE-15638 _z- enc. guaflex |
||
| 852 |
_aES-MaACL _jL-30413 _z- enc. guaflex _z. - Donat. Miguel A. Velasco |
||
| 999 |
_c184228 _d184228 |
||